000 00625nam a2200241Ia 4500
001 32850
005 20240114001622.0
007 ta
008 061121s1951 g b000 u 465 u
040 _aCotton College,Assam
041 _a465
082 _a294.582
_bAu 68 R
100 _aAurobindo, ..
245 0 _aThe Riddle of this World /
_cAurobindo.
_hTextual Documents
250 _a4th ed. /
260 _aPondicherry :
_bSri Aurobindo Ashram ,
_c1951.
300 _a103p. ;
_c18cm.
653 _aReligious Poetry
653 _aG-Religion
942 _2ddc
_cBK
999 _c32832
_d32832